[Event "PRO League Group Stage"]
[Site "chess.com INT"]
[Date "2018.02.07"]
[Round "5"]
[White "Pakleza, Zbigniew"]
[Black "Yoo, Christopher Woojin"]
[Result "1-0"]
[WhiteTitle "GM"]
[BlackTitle "FM"]
[WhiteElo "2496"]
[BlackElo "2254"]
[WhiteTeam "Las Vegas Desert Rats"]
[BlackTeam "San Jose Hackers"]
[WhiteFideId "1119290"]
[BlackFideId "30909694"]
[EventDate "2018.01.18"]

1. d4 Nf6 2. Nf3 g6 3. Bf4 Bg7 4. e3 O-O 5. Be2 d6 6. h3 b6 7. O-O Nbd7 8. Nbd2
Bb7 9. Bg3 Qe8 10. a4 a5 11. c3 e5 12. Qb3 Ne4 13. Nxe4 Bxe4 14. Rfd1 Qe7 15.
Bh4 Bf6 16. Bxf6 Nxf6 17. Qa3 Rfe8 18. dxe5 dxe5 19. Qb3 Rad8 20. Ng5 Bd5 21.
Bc4 c6 22. Bxd5 Nxd5 23. Nf3 Qc5 24. Nd2 Qe7 25. Nc4 Qg5 26. Qc2 h5 27. Rd2 h4
28. Rad1 f5 29. Kf1 f4 30. Qe4 fxe3 31. Nxe3 Nxe3+ 32. Qxe3 Qxe3 33. fxe3 Rxd2
34. Rxd2 Re6 35. Rd7 c5 36. Ke2 Rf6 37. Re7 Rf5 38. Re6 Rg5 39. Kf3 Rf5+ 40. Ke2
Rg5 41. Kf2 Kf7 42. Rxb6 e4 43. Rb5 Rf5+ 44. Kg1 Rd5 45. Rxa5 Rd1+ 46. Kh2 Rd2
47. Rxc5 Rxb2 48. Re5 Rb3 49. Rxe4 Rxc3 50. Kg1 g5 51. Kf2 Kf6 52. Kf3 Kf5 53.
Rb4 Ra3 54. Rb5+ Kf6 55. a5 Ra4 56. Rc5 Ra3 57. Kg4 Rxe3 58. Rf5+ Ke6 59. Rxg5
Re4+ 60. Kh5 Ra4 61. a6 Kf7 62. Rb5 Rxa6 63. Kxh4 Rg6 64. g4 Ra6 65. Kg5 Rg6+
66. Kh5 Rg8 67. g5 Rh8+ 68. Kg4 Ra8 69. h4 Ra1 70. Rb7+ Kg8 71. Kh5 Ra6 72. g6
Ra4 73. Kg5 Ra1 74. h5 Ra8 75. Rb6 Rc8 76. h6 Rc5+ 77. Kf6 Rc8 78. h7+ Kh8 79.
Kg5 Rc5+ 80. Kh6 1-0

[Event "PRO League Group Stage"]
[Site "chess.com INT"]
[Date "2018.02.07"]
[Round "5"]
[White "Clarke, Brandon G I"]
[Black "Wang, Yue"]
[Result "0-1"]
[WhiteTitle "FM"]
[BlackTitle "GM"]
[WhiteElo "2360"]
[BlackElo "2690"]
[WhiteTeam "Australia Kangaroos"]
[BlackTeam "Chengdu Pandas"]
[WhiteFideId "400319"]
[BlackFideId "8601429"]
[EventDate "2018.01.18"]

1. e4 c6 2. d4 d5 3. e5 Bf5 4. Nf3 e6 5. Be2 Nd7 6. O-O Ne7 7. Nbd2 Nc8 8. c4
Be7 9. Qb3 Qb6 10. cxd5 cxd5 11. Qa4 Qd8 12. Qb3 Ncb6 13. a4 a5 14. Ne1 O-O 15.
f4 Bg6 16. Qh3 Rc8 17. Nd3 Nb8 18. g4 f5 19. Nb3 Nc6 20. Be3 Nc4 21. Nbc5 Bxc5
22. Nxc5 Qe7 23. Bf2 b6 24. Nd3 fxg4 25. Bxg4 Bf5 26. Rad1 Nb4 27. Bxf5 Rxf5 28.
Bh4 Qf8 29. b3 Nxd3 30. Rxd3 Na3 31. Rg3 Nc2 32. Bf6 Rc7 33. Rc1 Qa3 34. Rd1 Kh8
35. Qg2 Qf8 36. Bg5 Nb4 37. Kh1 Rc2 38. Qh3 Nc6 39. Rdg1 Nxd4 40. Bf6 gxf6 41.
Qh6 Rxh2+ 42. Qxh2 fxe5 43. fxe5 Nf3 44. Rg8+ Qxg8 45. Rxg8+ Kxg8 46. Qg3+ Kf7
47. Qh3 h5 48. Qg3 d4 49. Qf2 d3 50. Qe3 d2 51. Qd3 Kg6 52. Kg2 Ne1+ 0-1

[Event "PRO League Group Stage"]
[Site "chess.com INT"]
[Date "2018.02.07"]
[Round "5"]
[White "Clarke, Brandon G I"]
[Black "Zhai, Mo"]
[Result "1-0"]
[WhiteTitle "FM"]
[BlackTitle "WGM"]
[WhiteElo "2360"]
[BlackElo "2310"]
[WhiteTeam "Australia Kangaroos"]
[BlackTeam "Cheng Du Pandas"]
[WhiteFideId "400319"]
[BlackFideId "8600201"]
[EventDate "2018.01.18"]

1. e4 e5 2. Bc4 Nf6 3. d3 c6 4. Nf3 d5 5. Bb3 Bb4+ 6. c3 Bd6 7. Nbd2 O-O 8. O-O
Re8 9. Re1 Nbd7 10. Nf1 Nf8 11. Bg5 dxe4 12. dxe4 h6 13. Bh4 Ng6 14. Bg3 Be6 15.
Nh4 Nf4 16. Bxe6 Rxe6 17. Nf5 Bf8 18. Qf3 g6 19. Bxf4 exf4 20. Nd4 Re8 21. Qxf4
Bg7 22. Rad1 Qb6 23. Nb3 a5 24. e5 Nd5 25. Qd4 a4 26. Qxb6 Nxb6 27. Nc5 a3 28.
b3 Nd5 29. c4 Nb4 30. Rd2 Re7 31. f4 g5 32. g3 h5 33. Ne3 Ree8 34. Nxb7 gxf4 35.
gxf4 Bh6 36. Nd6 Bxf4 37. Rg2+ Kh7 38. Nxe8 Rxe8 39. Nf5 Rxe5 40. Rg7+ Kh8 41.
Rxe5 Bxe5 42. Rxf7 Nxa2 43. Ra7 Bb2 44. Kg2 Nb4 45. Ne3 a2 46. Nc2 Nxc2 47. Rxa2
Ne1+ 48. Kf2 Nd3+ 49. Ke3 Ne5 50. Rxb2 Kg7 51. h3 Kf6 52. Ke4 Ke6 53. Rg2 Kf6
54. Rf2+ Ke6 55. Rf5 Nd7 56. Rg5 Kd6 57. b4 Nf6+ 58. Kf5 Ne8 59. Rg6+ Kc7 60. c5
Kb7 61. Ke5 Nc7 62. Rg7 Kb8 63. Rh7 Na6 64. Rxh5 Nxb4 65. Rh7 Kc8 66. Kd6 1-0

[Event "PRO League Group Stage"]
[Site "chess.com INT"]
[Date "2018.02.07"]
[Round "5"]
[White "Hevia Alejano, Carlos Antonio"]
[Black "Kiewra, Keaton"]
[Result "1/2-1/2"]
[WhiteTitle "GM"]
[BlackTitle "IM"]
[WhiteElo "2488"]
[BlackElo "2382"]
[WhiteTeam "Rio Grande Ospreys"]
[BlackTeam "San Diego Surfers"]
[WhiteFideId "3508811"]
[BlackFideId "2019280"]
[EventDate "2018.01.18"]

1. e4 c5 2. Nf3 d6 3. d4 Nf6 4. Nc3 cxd4 5. Nxd4 g6 6. Be3 Bg7 7. f3 Nc6 8. Qd2
O-O 9. Bc4 Bd7 10. h4 h5 11. O-O-O Rc8 12. Bb3 Ne5 13. Kb1 Re8 14. g4 hxg4 15.
h5 Nxh5 16. Bh6 e6 17. Rdg1 Qf6 18. fxg4 Bxh6 19. Qxh6 Qg7 20. Qd2 Nf6 21. g5
Nh5 22. Nce2 Nc4 23. Bxc4 Rxc4 24. b3 Rc5 25. Ng3 Nf4 26. Qxf4 e5 27. Qf6 exd4
28. Rh6 Qxf6 29. gxf6 Bg4 30. Nf5 Bxf5 31. Rgh1 Bh3 32. R1xh3 Rh5 33. R3xh5 gxh5
34. Rxh5 Rxe4 35. Kc1 Rf4 36. Rh6 Rg4 37. Rh5 Rf4 38. Rh6 Rg4 39. Rh5 Rf4 1/2-1/2

[Event "PRO League Group Stage"]
[Site "chess.com INT"]
[Date "2018.02.07"]
[Round "5"]
[White "Hevia Alejano, Carlos Antonio"]
[Black "Brown, Michael William"]
[Result "1-0"]
[WhiteTitle "GM"]
[BlackTitle "IM"]
[WhiteElo "2488"]
[BlackElo "2506"]
[WhiteTeam "Rio Grande Ospreys"]
[BlackTeam "San Diego Surfers"]
[WhiteFideId "3508811"]
[BlackFideId "2037602"]
[EventDate "2018.01.18"]

1. c4 e5 2. Nc3 Nc6 3. g3 g6 4. Bg2 Bg7 5. e3 d6 6. Nge2 h5 7. h3 h4 8. g4 f5 9.
gxf5 gxf5 10. Rg1 Qe7 11. Nd5 Qf7 12. d4 Nf6 13. Bd2 Ne4 14. Qc2 Nxd2 15. Qxd2
Be6 16. Nxc7+ Qxc7 17. d5 Bd7 18. dxc6 bxc6 19. O-O-O Rh6 20. Bf3 Kf8 21. e4 f4
22. Bg4 Be8 23. Bf5 Bh5 24. Qc2 Rd8 25. Rd3 Qa5 26. Nc3 Bf7 27. b3 Bf6 28. f3
Rh8 29. Qd2 Rg8 30. Bg4 Be7 31. Rd1 Kg7 32. Qf2 Kh8 33. Kc2 Qb4 34. Qxa7 Rge8
35. Qf2 Ra8 36. R1d2 Bxc4 37. bxc4 Qxc4 38. Kd1 Reb8 39. Ke2 Ra3 40. Nd1 Rxa2
41. Rxa2 Qxa2+ 42. Kf1 Qc4 43. Qe2 Rb1 44. Rd2 Qa4 45. Kg2 Qb4 46. Nf2 Ra1 47.
Rd1 Ra3 48. Qc2 Qb3 49. Qxb3 Rxb3 50. Rc1 c5 51. Be6 Rb2 52. Kf1 Bd8 53. Ra1 Rb8
54. Ra7 Bf6 55. Ng4 Bg7 56. Rd7 Rb6 57. Bd5 Ra6 58. Be6 Rb6 59. Ke2 Rb2+ 60. Kd3
Rb6 61. Rd8+ Kh7 62. Bf5# 1-0

[Event "PRO League Group Stage"]
[Site "chess.com INT"]
[Date "2018.02.07"]
[Round "5"]
[White "Perez, Flavio"]
[Black "Bauer, Christian"]
[Result "0-1"]
[WhiteTitle "FM"]
[BlackTitle "GM"]
[WhiteElo "2279"]
[BlackElo "2625"]
[WhiteTeam "Cannes Blockbusters"]
[BlackTeam "London Lions"]
[WhiteFideId "623911"]
[BlackFideId "603767"]
[EventDate "2018.01.18"]

1. Nf3 c5 2. g3 Nc6 3. Bg2 g6 4. O-O Bg7 5. d3 d6 6. e4 e5 7. Nc3 Nge7 8. Nd5
Nxd5 9. exd5 Ne7 10. Nd2 O-O 11. a4 b6 12. c3 Bb7 13. Qb3 Rb8 14. Re1 Ba8 15.
Nf1 h6 16. Ne3 Kh7 17. Bd2 Bb7 18. Qa2 f5 19. Nc2 f4 20. Be4 Qd7 21. c4 Qh3 22.
Bg2 Qf5 23. Be4 Qh5 24. Bg2 f3 25. Bf1 Bc8 26. Ne3 Bh3 27. Kh1 Nf5 28. Bxh3 Qxh3
29. Rg1 Nd4 30. Qb1 Ne2 31. Bc3 h5 32. Qf1 Nxg1 33. Kxg1 Qxf1+ 34. Nxf1 a6 35.
Nd2 Bf6 36. Ne4 Be7 37. h4 Kg8 38. Bd2 b5 39. cxb5 axb5 40. a5 Rfc8 41. Bg5 Kf7
42. a6 Rb6 43. a7 Ra8 44. Kh2 Ke8 45. Kh3 Kd7 46. g4 c4 47. gxh5 gxh5 48. Kg3
cxd3 49. Kxf3 b4 50. Ra5 Rb7 51. Bxe7 Kxe7 52. Ra6 Rbxa7 53. Rxd6 Ra6 54. Rxa6
Rxa6 55. Ke3 Ra2 56. b3 d2 57. Nxd2 Kd6 58. Ne4+ Kxd5 59. Nf6+ Ke6 60. Nxh5 Rb2
61. Ng3 Rxb3+ 62. Kd2 Rxg3 63. fxg3 e4 64. h5 Kf6 65. g4 b3 66. Ke3 b2 67. Kf4
b1=Q 68. g5+ Kf7 69. g6+ Kf6 70. h6 Kxg6 0-1

[Event "PRO League Group Stage"]
[Site "chess.com INT"]
[Date "2018.02.07"]
[Round "5"]
[White "Perez, Flavio"]
[Black "Horton, Andrew P"]
[Result "1-0"]
[WhiteTitle "FM"]
[BlackTitle "FM"]
[WhiteElo "2279"]
[BlackElo "2397"]
[WhiteTeam "Cannes Blockbusters"]
[BlackTeam "London Lions"]
[WhiteFideId "623911"]
[BlackFideId "424269"]
[EventDate "2018.01.18"]

1. Nf3 c5 2. g3 g6 3. Bg2 Bg7 4. O-O Nc6 5. d3 d6 6. e4 Nf6 7. Re1 O-O 8. c3 Bg4
9. Nbd2 Rb8 10. a4 a6 11. Nc4 b5 12. axb5 axb5 13. Ne3 Bd7 14. Nd5 b4 15. Bd2
bxc3 16. bxc3 Bg4 17. h3 Bxf3 18. Qxf3 Rb2 19. Bc1 Rb8 20. Bg5 Ne5 21. Qe2 e6
22. Nxf6+ Bxf6 23. Bxf6 Qxf6 24. f4 Nd7 25. Ra7 Nb6 26. e5 Qd8 27. Rea1 dxe5 28.
fxe5 Nd5 29. Qd2 Rb3 30. R1a3 Rxa3 31. Rxa3 Ne7 32. Ra7 Nd5 33. Kh2 Qb6 34. Ra4
Rd8 35. Qh6 Qc7 36. Rh4 f5 37. exf6 Nxf6 38. Qe3 e5 39. Rc4 Rc8 40. d4 exd4 41.
cxd4 Re8 42. Qb3 Ne4 43. dxc5 Nf6 44. Rf4+ Kg7 45. c6 h5 46. Qc3 Re6 47. Rb4 Kh6
48. Qc1+ g5 49. Rb5 Nh7 50. Rb7 Qe5 51. c7 h4 52. Rb3 Re8 53. c8=Q Rxc8 54. Qxc8
hxg3+ 55. Rxg3 Nf6 56. Qc3 Qd6 57. Qd3 Qe5 58. Qe3 Qxe3 59. Rxe3 Nh5 60. Bf3 Nf4
61. Kg3 Kg7 62. Bg4 Kf6 63. Ra3 Ke5 64. Ra6 Nd3 65. Ra5+ Kf6 66. Rf5+ Kg6 67.
Rd5 Nf4 68. Rd6+ Kg7 69. Bf3 Ng6 70. Be4 Ne5 71. Rd5 Kf6 72. Ra5 Ke6 73. Ra6+
Kf7 74. Ra7+ Kf6 75. Ra6+ Kf7 76. Ra5 Kf6 77. Bc2 Ke6 78. Kf2 Kf6 79. Ra6+ Kg7
80. Ke3 Kf7 81. Ke4 Ng6 82. Kf5 Nf4 83. Kg4 Ke7 84. Ra5 Kf6 85. Rxg5 Ng2 86.
Rf5+ Ke6 87. Ra5 Ne3+ 88. Kg5 Nxc2 89. h4 Kf7 90. h5 Nd4 91. Ra7+ Kf8 92. h6
Nf3+ 93. Kf6 Kg8 94. Ra3 Nh4 95. Kg5 Ng2 96. Rg3 Ne1 97. Kg6 Kh8 98. Ra3 Nd3 99.
Ra8# 1-0

[Event "PRO League Group Stage"]
[Site "chess.com INT"]
[Date "2018.02.07"]
[Round "5"]
[White "Wang, Yue"]
[Black "Sarana, Alexey"]
[Result "1/2-1/2"]
[WhiteTitle "GM"]
[BlackTitle "GM"]
[WhiteElo "2690"]
[BlackElo "2562"]
[WhiteTeam "Chengdu Pandas"]
[BlackTeam "Australia Kangaroos"]
[WhiteFideId "8601429"]
[BlackFideId "24133795"]
[EventDate "2018.01.18"]

1. d4 Nf6 2. c4 e6 3. Nf3 d5 4. g3 Bb4+ 5. Bd2 Be7 6. Bg2 O-O 7. O-O c6 8. Qc2
b6 9. a4 a5 10. Na3 Ba6 11. cxd5 cxd5 12. Nb5 Nbd7 13. Rfc1 Bxb5 14. axb5 Rc8
15. Qd3 Ne4 16. Bf4 Bd6 17. Bxd6 Nxd6 18. Rc6 Qe7 19. Rac1 Nb8 20. Rxc8 Rxc8 21.
Rxc8+ Nxc8 22. e4 dxe4 23. Qxe4 Nd6 24. Qa8 Qb7 25. Qxb7 Nxb7 26. d5 1/2-1/2

[Event "PRO League Group Stage"]
[Site "chess.com INT"]
[Date "2018.02.07"]
[Round "5"]
[White "Wang, Yue"]
[Black "Kuybokarov, Temur"]
[Result "1-0"]
[WhiteTitle "GM"]
[BlackTitle "IM"]
[WhiteElo "2690"]
[BlackElo "2472"]
[WhiteTeam "Chengdu Pandas"]
[BlackTeam "Australia Kangaroos"]
[WhiteFideId "8601429"]
[BlackFideId "14203049"]
[EventDate "2018.01.18"]

1. d4 Nf6 2. c4 e6 3. Nf3 c5 4. d5 exd5 5. cxd5 d6 6. Nc3 g6 7. e4 Bg7 8. h3 O-O
9. Bd3 b5 10. Bxb5 Nxe4 11. Nxe4 Qa5+ 12. Nfd2 Qxb5 13. Nxd6 Qa6 14. N2c4 Nd7
15. O-O Ne5 16. Nxe5 Bxe5 17. Nxc8 Raxc8 18. Qf3 Rfe8 19. Rd1 c4 20. Rb1 Qxa2
21. Bh6 Bxb2 22. d6 c3 23. Rxb2 Qxb2 24. d7 c2 25. Rc1 Red8 26. dxc8=Q Rxc8 27.
Qe3 a5 28. Re1 Qb5 29. Qd4 1-0

[Event "PRO League Group Stage"]
[Site "chess.com INT"]
[Date "2018.02.07"]
[Round "5"]
[White "Bauer, Christian"]
[Black "Lagarde, Maxime"]
[Result "1/2-1/2"]
[WhiteTitle "GM"]
[BlackTitle "GM"]
[WhiteElo "2625"]
[BlackElo "2586"]
[WhiteTeam "London Lions"]
[BlackTeam "Cannes Blockbusters"]
[WhiteFideId "603767"]
[BlackFideId "662399"]
[EventDate "2018.01.18"]

1. e4 c5 2. Na3 b6 3. g3 Bb7 4. Bg2 d5 5. exd5 Bxd5 6. Nf3 Nf6 7. O-O e6 8. c4
Bb7 9. d4 cxd4 10. Nb5 a6 11. Nbxd4 Be7 12. Qe2 O-O 13. Rd1 Qc8 14. Bf4 Nc6 15.
Rac1 Nxd4 16. Nxd4 Bxg2 17. Kxg2 Qb7+ 18. Qf3 Qxf3+ 19. Kxf3 Rfc8 20. Nb3 Kf8
21. a4 Ra7 22. a5 Rb7 23. Be5 Nd7 24. Bc3 Nc5 25. Nxc5 bxc5 26. Rc2 f6 27. g4
Ke8 28. Rcd2 Rc6 29. h4 Kf7 30. h5 Rc8 31. Ke4 e5 32. f4 exf4 33. Kxf4 Rc6 34.
Rd7 Rcc7 35. Rxc7 Rxc7 36. Ke4 Ke6 37. Rd5 Rc8 38. g5 h6 39. gxh6 gxh6 40. Bd2
Rb8 41. Bxh6 Rxb2 42. Be3 Rh2 43. Bxc5 f5+ 44. Kf3 Bxc5 45. Rxc5 Rxh5 46. Rc6+
Ke5 47. Rxa6 Kd4 48. Rc6 Rh7 49. Kf4 Rf7 50. a6 Kc3 51. Ke5 f4 52. Rf6 Rxf6 53.
Kxf6 f3 54. a7 f2 55. a8=Q f1=Q+ 56. Ke6 1/2-1/2

[Event "PRO League Group Stage"]
[Site "chess.com INT"]
[Date "2018.02.07"]
[Round "5"]
[White "Bauer, Christian"]
[Black "Gunina, Valentina"]
[Result "1-0"]
[WhiteTitle "GM"]
[BlackTitle "GM"]
[WhiteElo "2625"]
[BlackElo "2502"]
[WhiteTeam "London Lions"]
[BlackTeam "Cannes Blockbusters"]
[WhiteFideId "603767"]
[BlackFideId "4167570"]
[EventDate "2018.01.18"]

1. c4 Nf6 2. Nc3 e6 3. Nf3 c5 4. g3 b6 5. Bg2 Bb7 6. O-O Be7 7. d4 cxd4 8. Qxd4
O-O 9. Rd1 d6 10. Bg5 Nbd7 11. Nb5 d5 12. cxd5 Bxd5 13. Nc3 h6 14. Nxd5 exd5 15.
Bf4 Rc8 16. Rac1 Rxc1 17. Rxc1 Bc5 18. Qd3 Qe7 19. Bd2 Ne4 20. Be1 Re8 21. e3
Ne5 22. Nxe5 Qxe5 23. b4 Bf8 24. Rd1 Rc8 25. Qxd5 Qxd5 26. Rxd5 Nf6 27. Rd1 Rc2
28. a4 Rb2 29. Bc3 Rb3 30. Bxf6 gxf6 31. b5 Ra3 32. Rd4 Bc5 33. Rf4 Ra1+ 34. Bf1
Kg7 35. Kg2 Ra2 36. Kf3 Ra1 37. Bd3 Ra3 38. Be2 Ra2 39. Bd3 Ra3 40. Rg4+ Kf8 41.
Bh7 Ra2 42. h4 Ra3 43. Rg8+ Ke7 44. Bc2 Ra2 45. Bb3 Rb2 46. Bc4 Rc2 47. Be2 Ra2
48. Rh8 Rxa4 49. Rxh6 Bd6 50. Rh8 Be5 51. Ra8 f5 52. Bd3 Kf6 53. Rc8 Kg6 54.
Rc6+ Bf6 55. Bc4 Kg7 56. Rc7 Kh6 57. Bxf7 a6 58. bxa6 Rxa6 59. Rc6 Kg7 60. Bc4
Ra4 61. Bb5 Rb4 62. Rxb6 Rb2 63. Rb7+ Kh6 64. Bc6 Rc2 65. Bd7 1-0

[Event "PRO League Group Stage"]
[Site "chess.com INT"]
[Date "2018.02.07"]
[Round "5"]
[White "Urkedal, Frode"]
[Black "Anand, Viswanathan"]
[Result "1/2-1/2"]
[WhiteTitle "GM"]
[BlackTitle "GM"]
[WhiteElo "2572"]
[BlackElo "2767"]
[WhiteTeam "Oslo Trolls"]
[BlackTeam "Mumbai Movers"]
[WhiteFideId "1506102"]
[BlackFideId "5000017"]
[EventDate "2018.01.18"]

1. d4 Nf6 2. c4 e6 3. Nc3 Bb4 4. Qc2 d5 5. a3 Bxc3+ 6. Qxc3 Ne4 7. Qc2 O-O 8.
Nf3 b6 9. e3 Bb7 10. Bd3 Nd7 11. cxd5 exd5 12. O-O c5 13. dxc5 Ndxc5 14. b4 Nxd3
15. Qxd3 Rc8 16. Bb2 Qe7 17. Rac1 Nd6 18. Nd4 Rc4 19. Nf5 Nxf5 20. Qxf5 Rfc8 21.
h3 Qe6 22. Qxe6 fxe6 23. Rxc4 dxc4 24. Rc1 Be4 25. f3 Bd3 26. e4 a5 27. Bd4 axb4
28. axb4 b5 29. Kf2 Ra8 30. Ra1 Rxa1 31. Bxa1 c3 32. Bxc3 Kf7 33. h4 h5 34. Ke3
Bc4 35. Kf4 g6 36. Kg5 Be2 37. Bd4 Bd1 38. Bc3 Be2 39. Bd4 Bd1 40. Bc3 Be2 1/2-1/2

[Event "PRO League Group Stage"]
[Site "chess.com INT"]
[Date "2018.02.07"]
[Round "5"]
[White "Urkedal, Frode"]
[Black "Kathmale, Sameer"]
[Result "1-0"]
[WhiteTitle "GM"]
[BlackTitle "IM"]
[WhiteElo "2572"]
[BlackElo "2300"]
[WhiteTeam "Oslo Trolls"]
[BlackTeam "Mumbai Movers"]
[WhiteFideId "1506102"]
[BlackFideId "5024498"]
[EventDate "2018.01.18"]

1. d4 d5 2. c4 c6 3. Nc3 Nf6 4. e3 Bf5 5. cxd5 cxd5 6. Qb3 Nc6 7. Qxb7 Bd7 8.
Qb3 Rb8 9. Qd1 e5 10. dxe5 Nxe5 11. Nge2 Bd6 12. Nf4 O-O 13. Be2 g5 14. Nfxd5
Nxd5 15. Nxd5 Be6 16. O-O Ng6 17. e4 f5 18. exf5 Rxf5 19. Bg4 Re5 20. Bxe6+ Rxe6
21. g3 Ne5 22. f4 Bc5+ 23. Kh1 Nc6 24. fxg5 Rd6 25. Nf6+ Kh8 26. Qc2 Rxf6 27.
gxf6 Qd5+ 28. Qg2 Qe6 29. Bh6 Ne5 30. Rae1 Bf8 31. Bxf8 Rxf8 32. Qe4 1-0

[Event "PRO League Group Stage"]
[Site "chess.com INT"]
[Date "2018.02.07"]
[Round "5"]
[White "Naroditsky, Daniel"]
[Black "Pakleza, Zbigniew"]
[Result "1-0"]
[WhiteTitle "GM"]
[BlackTitle "GM"]
[WhiteElo "2619"]
[BlackElo "2496"]
[WhiteTeam "San Jose Hackers"]
[BlackTeam "Las Vegas Desert Rats"]
[WhiteFideId "2026961"]
[BlackFideId "1119290"]
[EventDate "2018.01.18"]

1. e4 d6 2. d4 Nf6 3. Nc3 e5 4. Nf3 exd4 5. Nxd4 Be7 6. Bd3 O-O 7. O-O Re8 8.
Re1 Nbd7 9. b3 Nc5 10. Bb2 c6 11. Qf3 Nxd3 12. Qxd3 Bf8 13. Rad1 Qa5 14. h3 Qh5
15. Nde2 Qh4 16. Ng3 Be6 17. Nce2 Nh5 18. Nxh5 Qxh5 19. Nf4 Qg5 20. Qf3 Rad8 21.
c4 f6 22. Re3 Bf7 23. Rde1 a6 24. g3 Qa5 25. Bc3 Qxa2 26. Ra1 Qc2 27. Bxf6 d5
28. Bxd8 dxe4 29. Qd1 1-0

[Event "PRO League Group Stage"]
[Site "chess.com INT"]
[Date "2018.02.07"]
[Round "5"]
[White "Naroditsky, Daniel"]
[Black "Stopa, Jacek"]
[Result "1-0"]
[WhiteTitle "GM"]
[BlackTitle "GM"]
[WhiteElo "2619"]
[BlackElo "2427"]
[WhiteTeam "San Jose Hackers"]
[BlackTeam "Las Vegas Desert Rats"]
[WhiteFideId "2026961"]
[BlackFideId "1119591"]
[EventDate "2018.01.18"]

1. d4 e6 2. c4 f5 3. Bf4 Nf6 4. Nc3 b6 5. d5 Bb4 6. dxe6 O-O 7. exd7 Nbxd7 8.
Nf3 Bb7 9. a3 Bxc3+ 10. bxc3 Ne4 11. e3 Qe7 12. h4 Ndc5 13. Qc2 Ne6 14. Be5 f4
15. Bd3 N4c5 16. Bxh7+ Kh8 17. h5 Ng5 18. h6 Nxf3+ 19. gxf3 Qxe5 20. hxg7+ Qxg7
21. Be4+ Kg8 22. Bxb7 Nxb7 23. O-O-O fxe3 24. Rdg1 Rf7 25. Qh7+ Kf8 26. Rxg7 1-0

[Event "PRO League Group Stage"]
[Site "chess.com INT"]
[Date "2018.02.07"]
[Round "5"]
[White "Feng, Roland"]
[Black "Stremavicius, Titas"]
[Result "1/2-1/2"]
[WhiteTitle "FM"]
[BlackTitle "IM"]
[WhiteElo "2358"]
[BlackElo "2432"]
[WhiteTeam "Seattle Sluggers"]
[BlackTeam "Dallas Destiny"]
[WhiteFideId "2060086"]
[BlackFideId "12804444"]
[EventDate "2018.01.18"]

1. d4 d6 2. Nf3 f5 3. c4 Nf6 4. Nc3 g6 5. g3 Bg7 6. Bg2 O-O 7. O-O Nc6 8. d5 Na5
9. Nd2 c5 10. Qc2 Bd7 11. a4 e5 12. b3 a6 13. Bb2 g5 14. e3 g4 15. f3 gxf3 16.
Nxf3 Ng4 17. Nd1 b5 18. h3 Nh6 19. axb5 axb5 20. Nf2 bxc4 21. bxc4 Rb8 22. Rfb1
Nf7 23. Nd2 Rxb2 24. Rxb2 e4 25. Ra3 Bxb2 26. Qxb2 Ne5 27. Qc3 Nb7 28. Qb2 Bc8
29. Kh2 h5 30. h4 Kh7 31. Ra8 Qc7 32. Qa3 Rg8 33. Nh3 Qb6 34. Nf4 Kh6 35. Ra6
Qc7 36. Qa1 Qg7 37. Qe1 Ng4+ 38. Kh3 Qc3 39. Ra1 Qxe3 40. Qxe3 Nxe3 41. Bf1 Nc2
42. Ra2 Nd4 43. Ra3 Nd8 44. Kg2 Nf7 45. Kf2 Ne5 46. Be2 Nxe2 47. Nxe2 Nd3+ 48.
Ke3 Bd7 49. Ra6 Rg6 50. Nf1 Be8 51. Nf4 Nxf4 52. Kxf4 Rg4+ 53. Ke3 Rg6 54. Kf4
Rg4+ 55. Kxf5 Bd7+ 56. Kf6 Rg6+ 57. Ke7 Bh3 58. Ne3 Rxg3 59. Rxd6+ Kh7 60. Nd1
e3 61. Nxe3 Rxe3+ 62. Kf6 Re4 63. Kg5 Rg4+ 64. Kxh5 Rg7 65. Rh6+ Kg8 66. Rc6 Kh7
67. Rh6+ Kg8 68. Rc6 Kh7 69. Rh6+ Kg8 70. Rc6 1/2-1/2

[Event "PRO League Group Stage"]
[Site "chess.com INT"]
[Date "2018.02.07"]
[Round "5"]
[White "Feng, Roland"]
[Black "Harmon-Vellotti, Luke"]
[Result "1-0"]
[WhiteTitle "FM"]
[BlackTitle "IM"]
[WhiteElo "2358"]
[BlackElo "2468"]
[WhiteTeam "Seattle Sluggers"]
[BlackTeam "Dallas Destiny"]
[WhiteFideId "2060086"]
[BlackFideId "2030012"]
[EventDate "2018.01.18"]

1. d4 Nf6 2. c4 e6 3. Nc3 Bb4 4. Qc2 O-O 5. a3 Bxc3+ 6. Qxc3 b6 7. Nf3 Bb7 8. e3
d6 9. b4 Nbd7 10. Bb2 Ne4 11. Qc2 f5 12. Be2 Qe8 13. O-O Qg6 14. d5 e5 15. Ne1
Nef6 16. f4 exf4 17. Rxf4 Rae8 18. Bd4 Ne4 19. Nf3 c5 20. bxc5 dxc5 21. Bb2 Nd6
22. Nh4 Qg5 23. Raf1 g6 24. Qc3 Qf6 25. Qc2 Qe7 26. R1f3 Ne4 27. Bd3 Ne5 28.
Bxe4 Nxf3+ 29. Nxf3 Rf6 30. Bxf6 Qxf6 31. Bxf5 gxf5 32. Rxf5 Qa1+ 33. Kf2 Bc8
34. Rg5+ Kh8 35. e4 Rf8 36. Qd3 Qf6 37. Rg3 Qb2+ 38. Qe2 Qd4+ 39. Qe3 Qb2+ 40.
Kg1 b5 41. h4 bxc4 42. Nd2 Ba6 43. e5 Qa1+ 44. Kh2 c3 45. Qxc3 Qxc3 46. Rxc3 Rf5
47. Nf3 Kg7 48. Rxc5 Be2 49. d6 Kf7 50. Rc7+ Ke8 51. Rxa7 1-0

[Event "PRO League Group Stage"]
[Site "chess.com INT"]
[Date "2018.02.07"]
[Round "5"]
[White "Hjartarson, Johann"]
[Black "Blomqvist, Erik"]
[Result "1/2-1/2"]
[WhiteTitle "GM"]
[BlackTitle "GM"]
[WhiteElo "2536"]
[BlackElo "2502"]
[WhiteTeam "Reykjavik Puffins"]
[BlackTeam "Stockholm Snowballs"]
[WhiteFideId "2300044"]
[BlackFideId "1709437"]
[EventDate "2018.01.18"]

1. e4 c5 2. Nf3 e6 3. d4 cxd4 4. Nxd4 Nc6 5. Nc3 Qc7 6. Be2 a6 7. O-O Nf6 8. Kh1
Nxd4 9. Qxd4 Bc5 10. Qd3 b5 11. f4 Bb7 12. Bf3 b4 13. Na4 Be7 14. e5 Nd5 15. c4
bxc3 16. Nxc3 Nxc3 17. Bxb7 Qxb7 18. bxc3 g6 19. Be3 O-O 20. Rfd1 Rfc8 21. Rab1
Qc6 22. Qxd7 Qxd7 23. Rxd7 Rxc3 24. Bd2 Rc2 25. a4 Rd8 26. Rxd8+ Bxd8 27. Be3
Kg7 28. g3 Ra2 29. Bc5 h5 30. Rb8 Ba5 31. Bf8+ Kh7 32. Rb7 g5 33. f5 Kg8 34. Be7
g4 35. Bf6 exf5 36. Rb8+ Kh7 37. Rh8+ Kg6 38. Rg8+ Kh6 39. Rh8+ Kg6 40. Rg8+ Kh6 1/2-1/2

[Event "PRO League Group Stage"]
[Site "chess.com INT"]
[Date "2018.02.07"]
[Round "5"]
[White "Hjartarson, Johann"]
[Black "Agrest, Evgenij"]
[Result "1-0"]
[WhiteTitle "GM"]
[BlackTitle "GM"]
[WhiteElo "2536"]
[BlackElo "2584"]
[WhiteTeam "Reykjavik Puffins"]
[BlackTeam "Stockholm Snowballs"]
[WhiteFideId "2300044"]
[BlackFideId "1705024"]
[EventDate "2018.01.18"]

1. d4 d5 2. c4 c6 3. Nc3 Nf6 4. e3 e6 5. Nf3 a6 6. Qc2 c5 7. cxd5 exd5 8. dxc5
Bxc5 9. Bd3 O-O 10. O-O Nc6 11. a3 Bd6 12. h3 Be6 13. Ng5 h6 14. Nxe6 fxe6 15.
f4 Rc8 16. Qe2 Bb8 17. Kh1 Qe8 18. Bd2 e5 19. Rae1 e4 20. Bb1 Kh8 21. g4 d4 22.
exd4 Nxd4 23. Qd1 Rd8 24. Nxe4 Qc6 25. Qc1 Qd5 26. Bb4 Rc8 27. Qe3 Rfe8 28. Kh2
Nxe4 29. Bxe4 Nc2 30. Qc3 Qf7 31. Bxc2 Rxc3 32. Bxc3 Rxe1 33. Bxe1 Bxf4+ 34. Kg2
Qc4 35. Bc3 Kg8 36. Re1 g5 37. Re7 Kf8 38. Bb4 Qd5+ 39. Be4 Qb3 40. Rxb7+ Ke8
41. Bg6+ Kd8 42. Ba5+ Kc8 43. Rxb3 1-0